| 000 | 00674nam a2200229Ia 4500 | ||
|---|---|---|---|
| 003 | IN-BaIIA | ||
| 008 | 211028s9999 xx 000 0 eng d | ||
| 020 | _a0-387-95360-4 | ||
| 040 | _cIIA Library | ||
| 080 |
_a535 _bMOL |
||
| 100 |
_aMoller, K. D _927126 |
||
| 245 | 0 |
_aOptics _blearning by computing with examples using mathcad _cK. D. Moller |
|
| 260 |
_aNew York _bSpringer-Verlag _c2003 |
||
| 300 | _axvi, 443p. | ||
| 490 | _aUndergarduate texts in Contemporary Physics | ||
| 650 |
_aCoherence _94675 |
||
| 650 |
_aGeometrical Optics _92023 |
||
| 650 |
_aInterference _915615 |
||
| 650 |
_aMaxwell's Theory _927127 |
||
| 650 |
_aWave Theory _910286 |
||
| 942 | _cBK | ||
| 999 |
_c14979 _d14979 |
||